| 000 | 00912nam a22002777a 4500 | ||
|---|---|---|---|
| 005 | 20150322112855.0 | ||
| 008 | 150322b xxu||||| |||| 00| 0 eng d | ||
| 020 | _a9780335262588 | ||
| 020 | _a0335262589 | ||
| 040 | _aEG-ScBUE | ||
| 082 | 0 | 0 |
_222 _bPAL _a005.55 |
| 100 | 1 | _aPallant, Julie | |
| 245 | 1 | 0 |
_aSPSS survival manual : _ba step by step guide to data analysis using IBM SPSS / _cJulie Pallant. |
| 250 | _a5th ed. | ||
| 260 |
_aMaidenhead, United Kingdom : _bMcGraw Hill, _c2013. |
||
| 300 |
_axiv, 354 p. : _bill. ; _c25 cm. |
||
| 500 | _aIncludes appendixes. | ||
| 500 | _aindex : p. 352-354. | ||
| 504 | _aBibliography : p. 347-350. | ||
| 630 | 0 | 0 | _aSPSS for Windows. |
| 650 |
_aSocial sciences _xResearch _xStatistical methods |
||
| 650 |
_aSocial sciences _xStatistical methods _xComputer programs |
||
| 653 |
_bBUSADM _bCOMSCI _cMarch2015 |
||
| 655 |
_vtext book _933728 |
||
| 942 | _2ddc | ||
| 999 |
_c19087 _d19059 |
||